NFL Best Rookies 2025 - Statistics

General Stats
  • This quiz has been taken 311 times
  • The average score is 8 of 15
Answer Stats
Hint Answer % Correct
Commanders Offense Jayden Daniels
98%
Giants Offense Malik Nabers
94%
Broncos Offense Bo Nix
90%
Jaguars Offense Brian Thomas Jr.
89%
Eagles Defense Cooper DeJean
55%
Raiders Offense Brock Bowers
54%
Rams Defense Jared Verse
52%
Chargers Offense Ladd McConkey
48%
Eagles Defense Quinyon Mitchell
44%
Chargers Offense Joe Alt
43%
Cardinals Offense Marvin Harrison Jr.
42%
Buccaneers Offense Bucky Irving
37%
Dolphins Defense Chop Robinson
21%
Packers Defense Edgerrin Cooper
11%
Steelers Offense Zach Frazier
9%
No matching quizzes found
Score Distribution
Percent of People with Each Score
Percentile by Number Answered
Your Score History
You have not taken this quiz